[Event "AUTO-INT-3150"]
[Site "http://www.queenalice.com/game.php?id=1429615"]
[Date "2016.6.29"]
[Round "1"]
[White "Polyphem"]
[Black "Thanasis"]
[Result "1-0"]
[WhiteElo "1672"]
[BlackElo "1566"]

1. d4 d5 2. c4 e6 3. Nc3 Nf6 4. Bg5 Be7 5. Bxf6 Bxf6 6. Nf3 O-O 7. e3 Nc6 8. Be2
a6 9. cxd5 exd5 10. O-O Re8 11. Qb3 Be6 12. Qxb7 Na5 13. Qb4 c6 14. Rac1 Rb8 15.
Qa4 Rxb2 16. Bd3 Qc7 17. e4 dxe4 18. Bxe4 Bxa2 19. Nd5 Bxd5 20. Bxd5 Rd8 21. Bc4
Bxd4 22. Nxd4 Rxd4 23. Bxf7+ Qxf7 24. Qxd4 Rb5 25. Rfd1 Rd5 26. Qa4 Nb3 27. Rb1
Rxd1+ 28. Rxd1 h6 29. Rd8+ Kh7 30. Qxc6 1-0

[Event "AUTO-OPEN-3673"]
[Site "http://www.queenalice.com/game.php?id=1429628"]
[Date "2016.6.29"]
[Round "1"]
[White "carver"]
[Black "Thanasis"]
[Result "1-0"]
[WhiteElo "2052"]
[BlackElo "1715"]

1. d4 d5 2. c4 e6 3. a3 Nf6 4. Bg5 Be7 5. Nc3 O-O 6. Nf3 c5 7. e3 Nc6 8. Bxf6
Bxf6 9. Rc1 cxd4 10. Nxd4 Nxd4 11. exd4 Bd7 12. Be2 dxc4 13. Bxc4 Rc8 14. Ba2 a6
15. O-O Bc6 16. Ne2 Rc7 17. Bb1 Rd7 18. Qc2 g6 19. Rcd1 Qc7 20. g3 Rfd8 21. Rd2
Bxd4 22. Nxd4 Rxd4 23. Rfd1 e5 24. Rxd4 Rxd4 25. Rxd4 exd4 26. Qc5 Qd7 27. Bd3
Qd5 28. Qxd5 1-0

[Event "AUTO-OPEN-3673"]
[Site "http://www.queenalice.com/game.php?id=1429629"]
[Date "2016.6.29"]
[Round "1"]
[White "Thanasis"]
[Black "carver"]
[Result "0-1"]
[WhiteElo "1718"]
[BlackElo "2049"]

1. d4 d5 2. c4 c6 3. e3 Bf5 4. Nc3 e6 5. cxd5 cxd5 6. Bb5+ Nc6 7. Nge2 Bb4 8. a3
Bxc3+ 9. Nxc3 Nf6 10. O-O O-O 11. Re1 a6 12. Ba4 b5 13. Bb3 Rc8 14. Bd2 Na5 15.
Ba2 Rc6 16. b4 Nb7 17. Rc1 Qd7 18. Ne2 Rfc8 19. Nc3 Ne4 20. Nxe4 Bxe4 21. Qb3
Rxc1 22. Rxc1 Nd6 23. Qb2 Rxc1+ 24. Qxc1 Bd3 25. f3 Nc4 26. Bxc4 bxc4 27. Kf2
Qa4 28. Qc3 Kf8 0-1

[Event "AUTO-OPEN-3673"]
[Site "http://www.queenalice.com/game.php?id=1429658"]
[Date "2016.6.29"]
[Round "1"]
[White "Thanasis"]
[Black "Paulobraz"]
[Result "0-1"]
[WhiteElo "1605"]
[BlackElo "1909"]

1. d4 g6 2. e4 Bg7 3. Nf3 d6 4. Nc3 Nf6 5. Be3 O-O 6. Bd3 Bg4 7. O-O c6 8. h3
Be6 9. b4 b5 10. a4 bxa4 11. Rxa4 a6 12. Na2 Qd7 13. c4 Qe8 14. d5 cxd5 15. cxd5
Bd7 16. Ra3 Bb5 17. Bxb5 Qxb5 18. Qb1 Nbd7 19. Nd4 Qb8 20. Nc6 Qe8 21. Rc1 Ne5
22. Rc2 Nxe4 23. Re2 Nxc6 24. Qxe4 Ne5 25. f4 Nd7 26. Bf2 Bf6 27. Nc1 Rc8 28.
Nb3 Rc3 29. Bd4 Bxd4+ 30. Qxd4 Qc8 0-1

[Event "AUTO-OPEN-3673"]
[Site "http://www.queenalice.com/game.php?id=1429659"]
[Date "2016.6.29"]
[Round "1"]
[White "Paulobraz"]
[Black "Thanasis"]
[Result "1-0"]
[WhiteElo "1905"]
[BlackElo "1609"]

1. g3 e5 2. Bg2 d5 3. d3 Nf6 4. Bg5 Be7 5. Nd2 O-O 6. Ngf3 Nc6 7. O-O h6 8. Bxf6
Bxf6 9. e4 d4 10. a3 Re8 11. c3 b5 12. cxd4 Nxd4 13. b4 Bb7 14. Nxd4 Qxd4 15.
Nb3 Qd8 16. Nc5 Bc8 17. Rc1 Be7 18. Nb3 Be6 19. Rc6 Qd7 20. Na5 Rab8 21. Qc2 Rb6
22. Rxc7 Qd4 23. Rxa7 Rd6 24. Rc7 Bd8 25. Rc3 Bxa5 26. bxa5 Ra6 27. Rc1 Rxa5 28.
Qb2 Rea8 29. Qb4 1-0

[Event "AUTO-OPEN-3673"]
[Site "http://www.queenalice.com/game.php?id=1429660"]
[Date "2016.6.29"]
[Round "1"]
[White "Thanasis"]
[Black "roqqk"]
[Result "0-1"]
[WhiteElo "1515"]
[BlackElo "1743"]

1. d4 d5 2. c4 Nf6 3. e3 e6 4. Nc3 Bb4 5. Bd2 Bxc3 6. Bxc3 O-O 7. cxd5 Qxd5 8.
Nf3 Ne4 9. Bd3 Nxc3 10. bxc3 Nc6 11. O-O f6 12. Qd2 e5 13. dxe5 fxe5 14. Bxh7+
Kxh7 15. Qxd5 Ne7 16. Qxe5 c6 17. Qxe7 Rg8 18. Qh4+ Kg6 19. Ne5+ Kf5 20. Qf4+
Ke6 21. Qc4+ Kxe5 22. Qxg8 b6 23. Qxg7+ Kd6 24. Rad1+ Kc5 25. Qe5+ Kc4 26. Rd4+
Kxc3 27. Rc1+ Kb2 28. Rdd1+ Kxa2 29. Rd2+ Ka3 0-1

[Event "AUTO-OPEN-3673"]
[Site "http://www.queenalice.com/game.php?id=1429661"]
[Date "2016.6.29"]
[Round "1"]
[White "roqqk"]
[Black "Thanasis"]
[Result "1-0"]
[WhiteElo "1735"]
[BlackElo "1523"]

1. e4 e5 2. Nf3 Nc6 3. Bb5 Nf6 4. Bxc6 dxc6 5. Nxe5 Qd4 6. Nf3 Qxe4+ 7. Qe2
Qxe2+ 8. Kxe2 Bf5 9. d3 O-O-O 10. h3 h6 11. Re1 Re8+ 12. Kf1 Bb4 13. Rxe8+ Rxe8
14. c3 Bd6 15. Nbd2 Bxd3+ 16. Kg1 h5 17. Nb3 g5 18. Bxg5 Re6 19. Nfd4 Ne4 20.
Nxe6 fxe6 21. h4 Kd7 22. Na5 Bc5 23. Kh2 Nxf2 24. Nxb7 Bd6+ 25. Kg1 Bg3 26. Rf1
Bxf1 27. Kxf1 Ne4 28. Be3 Bxh4 29. b4 Nxc3 30. Nc5+ 1-0

[Event "AUTO-ADV-3705"]
[Site "http://www.queenalice.com/game.php?id=1441838"]
[Date "2016.9.18"]
[Round "1"]
[White "Thanasis"]
[Black "MSchatz"]
[Result "0-1"]
[WhiteElo "1504"]
[BlackElo "2029"]

1. d4 d5 2. c4 e6 3. Nc3 Nf6 4. e3 Nbd7 5. Bd3 b6 6. Nge2 Bb7 7. O-O dxc4 8.
Bxc4 Bd6 9. e4 Nxe4 10. f3 Nxc3 0-1

[Event "AUTO-ADV-3705"]
[Site "http://www.queenalice.com/game.php?id=1441839"]
[Date "2016.9.18"]
[Round "1"]
[White "MSchatz"]
[Black "Thanasis"]
[Result "1-0"]
[WhiteElo "2031"]
[BlackElo "1502"]

1. e4 e5 2. Nf3 Nc6 3. Bc4 Bc5 4. Nc3 Nf6 5. d3 O-O 6. Be3 Bxe3 7. fxe3 d6 8. h3
Re8 9. O-O h6 10. Qe1 Na5 11. Bb3 1-0

[Event "AUTO-ADV-3705"]
[Site "http://www.queenalice.com/game.php?id=1441840"]
[Date "2016.9.18"]
[Round "1"]
[White "Thanasis"]
[Black "sphagnis"]
[Result "0-1"]
[WhiteElo "1582"]
[BlackElo "1589"]

1. a3 e5 2. h3 d5 3. d4 e4 4. e3 a6 5. c4 Nf6 6. Nc3 Be6 7. cxd5 Nxd5 8. Bd2 Bd6
9. Nxe4 h6 10. Nf3 Nc6 11. Be2 O-O 12. O-O Bf5 13. Nxd6 Bxh3 14. Nxb7 Qc8 15.
Nc5 Qg4 0-1

[Event "AUTO-ADV-3705"]
[Site "http://www.queenalice.com/game.php?id=1441841"]
[Date "2016.9.18"]
[Round "1"]
[White "sphagnis"]
[Black "Thanasis"]
[Result "1-0"]
[WhiteElo "1572"]
[BlackElo "1599"]

1. e4 e5 2. Bc4 Bc5 3. Qh5 Qf6 4. Qf3 h6 5. d3 Nc6 6. Be3 Nd4 7. Bxd4 Bxd4 8. c3
Bc5 9. Nd2 d6 10. h3 Bd7 11. Ne2 O-O-O 12. O-O Qxf3 13. Nxf3 Nf6 14. Bxf7 Rhf8
15. Bd5 Nxd5 16. exd5 1-0

[Event "AUTO-ADV-3705"]
[Site "http://www.queenalice.com/game.php?id=1441842"]
[Date "2016.9.18"]
[Round "1"]
[White "Thanasis"]
[Black "Gosiulkaa"]
[Result "0-1"]
[WhiteElo "1506"]
[BlackElo "1928"]

1. d4 d5 2. c4 e6 3. Nc3 dxc4 4. a4 Bb4 5. Bd2 Qxd4 6. Nf3 Qd8 7. e4 Nf6 8. Bxc4
O-O 9. O-O Bxc3 10. Bxc3 Nxe4 11. Be1 Nc6 12. Kh1 Qf6 0-1

[Event "AUTO-ADV-3705"]
[Site "http://www.queenalice.com/game.php?id=1441843"]
[Date "2016.9.18"]
[Round "1"]
[White "Gosiulkaa"]
[Black "Thanasis"]
[Result "1-0"]
[WhiteElo "1926"]
[BlackElo "1508"]

1. e4 e5 2. Nf3 Nc6 3. Bc4 Bc5 4. c3 Nf6 5. d4 exd4 6. cxd4 Bb4+ 7. Nc3 Nxe4 8.
O-O Nxc3 9. bxc3 Bxc3 10. Ba3 Bxa1 11. Re1+ Ne7 12. Rxe7+ Kf8 13. Rxd7+ Ke8 14.
Rxd8+ 1-0

[Event "AUTO-OPEN-3706"]
[Site "http://www.queenalice.com/game.php?id=1441870"]
[Date "2016.9.18"]
[Round "1"]
[White "RobertD"]
[Black "Thanasis"]
[Result "1-0"]
[WhiteElo "2035"]
[BlackElo "1552"]

1. d4 d5 2. e3 Nc6 3. Nf3 Nf6 4. Be2 e6 5. a3 Be7 6. b4 a6 7. Bb2 O-O 8. c4 b6
9. Qc2 b5 10. cxb5 axb5 11. Bxb5 Bd7 12. Bxc6 Bxc6 13. Qxc6 Rb8 14. Nbd2 Rb6 15.
Qc2 1-0

[Event "AUTO-OPEN-3706"]
[Site "http://www.queenalice.com/game.php?id=1441871"]
[Date "2016.9.18"]
[Round "1"]
[White "Thanasis"]
[Black "RobertD"]
[Result "0-1"]
[WhiteElo "1554"]
[BlackElo "2033"]

1. h3 d5 2. a3 e5 3. d4 Nc6 4. e3 Nf6 5. Bb5 Bd7 6. Nc3 e4 7. Nge2 a6 8. Ba4 Bd6
9. O-O Qc8 10. Ng3 Bxh3 11. Nce2 Bg4 12. f3 exf3 13. gxf3 Bd7 14. Bb3 Ne7 0-1

[Event "AUTO-OPEN-3706"]
[Site "http://www.queenalice.com/game.php?id=1441898"]
[Date "2016.9.18"]
[Round "1"]
[White "Thanasis"]
[Black "Narizinho"]
[Result "0-1"]
[WhiteElo "1639"]
[BlackElo "1292"]

1. h3 d5 2. a3 Nc6 3. d4 Nf6 4. Nc3 Be6 5. Nf3 g6 6. Bf4 Bg7 7. e3 O-O 8. Bd3 a6
9. O-O b5 10. b4 Na7 0-1

[Event "AUTO-OPEN-3706"]
[Site "http://www.queenalice.com/game.php?id=1441900"]
[Date "2016.9.18"]
[Round "1"]
[White "Thanasis"]
[Black "betofortaleza"]
[Result "0-1"]
[WhiteElo "1681"]
[BlackElo "1772"]

1. e4 e5 2. Nf3 Nc6 3. d4 exd4 4. Nxd4 Nxd4 5. Qxd4 d6 6. Bc4 Nf6 7. Nc3 c5 8.
Qd1 Be7 9. O-O Bg4 10. f3 Bd7 11. Nd5 Nxd5 12. Bxd5 O-O 13. Bxb7 Rb8 14. Bd5 Qc8
0-1

[Event "AUTO-OPEN-3706"]
[Site "http://www.queenalice.com/game.php?id=1441901"]
[Date "2016.9.18"]
[Round "1"]
[White "betofortaleza"]
[Black "Thanasis"]
[Result "1-0"]
[WhiteElo "1813"]
[BlackElo "1803"]

1. e4 e5 2. Nf3 Nc6 3. Bc4 Bc5 4. d3 Nf6 5. Ng5 O-O 6. Nc3 h6 7. Nh3 d6 8. Qf3
Nd4 9. Qg3 Nxc2+ 10. Ke2 Nxa1 11. Bxh6 g6 12. Qxg6+ 1-0

[Event "AUTO-ADV-3706"]
[Site "http://www.queenalice.com/game.php?id=1442177"]
[Date "2016.9.21"]
[Round "1"]
[White "Thanasis"]
[Black "alexrs"]
[Result "0-1"]
[WhiteElo "1686"]
[BlackElo "1959"]

1. d4 d5 2. c4 c6 3. Nc3 g6 4. e3 Bg7 5. cxd5 cxd5 6. Bd3 Nc6 7. Nf3 Nf6 8. O-O
O-O 9. b3 Nb4 10. Bb1 b6 11. a3 Nc6 12. Bd3 Nh5 0-1

[Event "AUTO-ADV-3706"]
[Site "http://www.queenalice.com/game.php?id=1442178"]
[Date "2016.9.21"]
[Round "1"]
[White "alexrs"]
[Black "Thanasis"]
[Result "1-0"]
[WhiteElo "1954"]
[BlackElo "1691"]

1. d4 d5 2. e3 Nc6 3. g3 Nf6 4. Bg2 e6 5. Ne2 Bb4+ 6. c3 Ba5 7. O-O O-O 8. Nd2
Bd7 9. b4 Bb6 10. Ba3 Re8 11. c4 a6 12. c5 Ba7 13. e4 1-0

[Event "AUTO-ADV-3706"]
[Site "http://www.queenalice.com/game.php?id=1442179"]
[Date "2016.9.21"]
[Round "1"]
[White "Thanasis"]
[Black "Mikalus"]
[Result "0-1"]
[WhiteElo "1712"]
[BlackElo "1984"]

1. d4 d5 2. c4 e6 3. Nc3 c5 4. cxd5 exd5 5. e4 dxe4 6. d5 Bf5 7. Bc4 a6 8. Nge2
Nf6 9. Bg5 Be7 10. O-O O-O 11. Re1 Re8 0-1

[Event "AUTO-ADV-3706"]
[Site "http://www.queenalice.com/game.php?id=1442180"]
[Date "2016.9.21"]
[Round "1"]
[White "Mikalus"]
[Black "Thanasis"]
[Result "1-0"]
[WhiteElo "1989"]
[BlackElo "1707"]

1. e4 e5 2. Nf3 Nc6 3. Bc4 Bc5 4. O-O Nf6 5. Nc3 O-O 6. d3 d6 7. h3 a6 8. a4 Na5
9. Ba2 h6 10. Bd2 Nc6 11. Nd5 Nxd5 12. Bxd5 1-0